Francisco A. de Icaza . (Record no. 186932)
[ view plain ]
| 000 -LEADER | |
|---|---|
| campo de control de longitud fija | 01153nam a2200229 i 4500 |
| 001 - NÚMERO DE CONTROL | |
| campo de control | 186932 |
| 003 - IDENTIFICADOR DE NÚMERO DE CONTROL | |
| campo de control | ES-MaACL |
| 005 - FECHA Y HORA DE LA ÚLTIMA TRANSACCIÓN | |
| campo de control | 20231011170410.0 |
| 008 - DATOS DE LONGITUD FIJA--INFORMACIÓN GENERAL | |
| campo de control de longitud fija | 170302s2016 sp ac |||| |dspa d |
| 245 00 - MENCIÓN DEL TÍTULO | |
| Título | Francisco A. de Icaza . |
| Resto del título | Carmen de Icaza : [dossier de informaciones diversas recopiladas de páginas de Internet]. |
| 246 3# - FORMA VARIANTE DEL TITULO | |
| Título propio/Titulo breve | Francisco de Icaza, 1863-1928 : |
| Resto del título | cervantista, presidente de la Sección de Literatura, Ateneo de Madrid 1915-1916 |
| 246 3# - FORMA VARIANTE DEL TITULO | |
| Título propio/Titulo breve | Carmen de Icaza |
| 260 ## - PUBLICACIÓN, DISTRIBUCIÓN, ETC. | |
| Lugar de publicación, distribución, etc. | [Madrid : |
| Nombre del editor, distribuidor, etc. | Biblioteca del Ateneo, |
| Fecha de publicación, distribución, etc. | 2016] |
| 300 ## - DESCRIPCIÓN FÍSICA | |
| Extensión | [100] h. : |
| Otras características físicas | il., retr. ; |
| Dimensiones | 30 cm. |
| 504 ## - NOTA DE BIBLIOGRAFÍA, ETC. | |
| Nota de bibliografía, etc. | Referencias bibliográficas. |
| 594 ## - Nota al título y mención de responsabilidad | |
| Nota al título y mención de responsabilidad | Información recogida con motivo del homenaje a Francisco Asís de Icaza, incluido en los actos en conmemoración del IV Centenario de Cervantes 2016 en el Ateneo de Madrid; organizado por su Junta de Gobierno, en el Salón de Actos, el 5 de mayo de 2016. |
| 600 14 - PUNTO DE ACCESO ADICIONAL DE MATERIA--NOMBRE DE PERSONA | |
| Nombre de persona | Icaza, Francisco A. de, |
| Fechas asociadas al nombre | 1863-1925 |
| 9 (RLIN) | 65035 |
| 600 14 - PUNTO DE ACCESO ADICIONAL DE MATERIA--NOMBRE DE PERSONA | |
| Nombre de persona | Icaza, Carmen de, |
| Fechas asociadas al nombre | 1899-1979 |
| 9 (RLIN) | 65034 |
| 710 2# - ENTRADA AGREGADA--NOMBRE DE ENTIDAD CORPORATIVA | |
| Nombre de entidad corporativa o nombre de jurisdicción como elemento de entrada | Ateneo de Madrid. |
| Unidad subordinada | Biblioteca |
| 9 (RLIN) | 1951 |
| 852 4# - LOCALIZACIÓN | |
| Ubicación | ES-MaACL |
| Número de control de estantería | 2151-F-21 |
| Nota libre | - Enc. canutillo |
| Estatus retirado | Estado de pérdida | Estado de daño | No para préstamo | Colección | Biblioteca de origen | Biblioteca actual | Ubicación en estantería | Fecha de adquisición | Fuente de adquisición | Total de préstamos | Signatura topográfica completa | Código de barras | Visto por última vez | Precio de reemplazo | Tipo de ítem Koha |
|---|---|---|---|---|---|---|---|---|---|---|---|---|---|---|---|
| Colección de folletos | Biblioteca del Ateneo de Madrid | Biblioteca del Ateneo de Madrid | Depósito folletos | 02/03/2017 | 2151-F-21 | 1197174 | 23/02/2023 | 23/02/2023 | Folleto |
